A Study of Life and Short Poems of Iswarchandra Gupta / (Record no. 17530)

MARC details
000 -LEADER
fixed length control field 00750nam a22002177a 4500
003 - CONTROL NUMBER IDENTIFIER
control field BDDh-ASL
005 - DATE AND TIME OF LATEST TRANSACTION
control field 20231015025549.0
008 - FIXED-LENGTH DATA ELEMENTS--GENERAL INFORMATION
fixed length control field 161222b1979 bg a|||| |||| 001 0 eng |
040 ## - CATALOGING SOURCE
Transcribing agency BDDh-ASL
Modifying agency BDDh-ASL
082 ## - DEWEY DECIMAL CLASSIFICATION NUMBER
Classification number 928.9144
Item number ALS
100 1# - MAIN ENTRY--PERSONAL NAME
Personal name Al-Azad, Alauddin
9 (RLIN) 142
245 12 - TITLE STATEMENT
Title A Study of Life and Short Poems of Iswarchandra Gupta /
260 ## - PUBLICATION, DISTRIBUTION, ETC.
Place of publication, distribution, etc. Dacca:
Name of publisher, distributor, etc. Asiatic Society of Bangladesh,
Date of publication, distribution, etc. 1979.
300 ## - PHYSICAL DESCRIPTION
Extent iv, 278p.:
Other physical details ill.;
Dimensions 24 cm.
440 ## - SERIES STATEMENT/ADDED ENTRY--TITLE
Title Asiatic Society of Bangladesh publication;
9 (RLIN) 143
Volume/sequential designation no. 36
500 ## - GENERAL NOTE
General note Includes index
504 ## - BIBLIOGRAPHY, ETC. NOTE
Bibliography, etc. note Bibliography: p. [271]-278
504 ## - BIBLIOGRAPHY, ETC. NOTE
Bibliography, etc. note Includes bibliographical references and index.
650 ## - SUBJECT ADDED ENTRY--TOPICAL TERM
Source of heading or term Iswarchandra Gupta
General subdivision Literature
-- Biography
Geographic subdivision Bengal
-- India
9 (RLIN) 144
942 ## - ADDED ENTRY ELEMENTS (KOHA)
Source of classification or shelving scheme Dewey Decimal Classification
Koha item type Books
Holdings
Withdrawn status Lost status Source of classification or shelving scheme Damaged status Not for loan Collection code Home library Current library Shelving location Date acquired Source of acquisition Serial Enumeration / chronology Total Checkouts Full call number Barcode Date last seen Copy number Price effective from Koha item type Public note
    Dewey Decimal Classification   Not For Loan Non-fiction Asiatic Society Library Asiatic Society Library General Stacks 12/22/2016 ASB Publications ASP-036   928.9144 ALS 100186 12/22/2016 C-1 12/22/2016 Books RARE
    Dewey Decimal Classification   Not For Loan Non-fiction Asiatic Society Library Asiatic Society Library General Stacks 12/22/2016 ASB Publications ASP-036   928.9144 ALS 100187 12/22/2016 C-2 12/22/2016 Books RARE
    Dewey Decimal Classification   Not For Loan Non-fiction Asiatic Society Library Asiatic Society Library General Stacks 12/22/2016 ASB Publications ASP-036   928.9144 ALS 100188 12/22/2016 C-3 12/22/2016 Books RARE
    Dewey Decimal Classification   Not For Loan Non-fiction Asiatic Society Library Asiatic Society Library General Stacks 12/22/2016 ASB Publications ASP-036   928.9144 ALS 100189 12/22/2016 C-4 12/22/2016 Books RARE
    Dewey Decimal Classification   Not For Loan Non-fiction Asiatic Society Library Asiatic Society Library General Stacks 12/22/2016 ASB Publications ASP-036   928.9144 ALS 100190 12/22/2016 C-5 12/22/2016 Books RARE
    Dewey Decimal Classification   Not For Loan Non-fiction Asiatic Society Library Asiatic Society Library General Stacks 12/22/2016 ASB Publications ASP-036   928.9144 ALS 100191 12/22/2016 C-6 12/22/2016 Books RARE
    Dewey Decimal Classification   Not For Loan Non-fiction Asiatic Society Library Asiatic Society Library General Stacks 12/22/2016 ASB Publications ASP-036   928.9144 ALS 100192 12/22/2016 C-7 12/22/2016 Books RARE
    Dewey Decimal Classification   Not For Loan Non-fiction Asiatic Society Library Asiatic Society Library General Stacks 12/22/2016 ASB Publications ASP-036   928.9144 ALS 100193 12/22/2016 C-8 12/22/2016 Books RARE
    Dewey Decimal Classification   Not For Loan Non-fiction Asiatic Society Library Asiatic Society Library General Stacks 12/22/2016 ASB Publications ASP-036   928.9144 ALS 100194 12/22/2016 C-9 12/22/2016 Books RARE
    Dewey Decimal Classification   Not For Loan Non-fiction Asiatic Society Library Asiatic Society Library General Stacks 12/22/2016 ASB Publications ASP-036   928.9144 ALS 100195 12/22/2016 C-10 12/22/2016 Books RARE
    Dewey Decimal Classification   Not For Loan Non-fiction Asiatic Society Library Asiatic Society Library General Stacks 02/10/2021 ASB Publications ASP-036   928.9144 ALS 105634 02/10/2021 C-11 02/10/2021 Books RARE

Powered by Koha